| 000 | 00605nam a2200133Ia 4500 | ||
|---|---|---|---|
| 008 | 171212s9999 xx 000 0 und d | ||
| 020 | _a9780833082374 | ||
| 100 | _aClarke, Colin P.;Paul, Christopher | ||
| 245 |
_cClarke, Colin P.;Paul, Christopher _aFrom Stalemate to Settlement _bLessons for Afghanistan from Historical Insurgencies That Have Been Resolved Through Negotiations |
||
| 260 |
_bRAND Corporation _c2014 |
||
| 650 | _aHistory | ||
| 650 | _aMediation, International; Peace-building; Insurgency -- Afghanistan; Insurgency -- History | ||
| 856 | _uhttp://www.jstor.org/stable/10.7249/j.ctt5vjvv1 | ||
| 999 |
_c352111 _d352111 |
||